banner-ar

المعالجات الاسلوبية والتقنية فى الرسم التكعيبى واثرها فى فنون الحداثة / (Record no. 61482)

MARC details
000 -الفاتح
حقل البيانات ثابتة الطول 00962nam a22002417a 4500
005 - وقت وتاريخ اخر تعامل مع التسجيلة
رقم الضبط 20240530110501.0
008 - عناصر البيانات ثابتة الطول - معلومات عامة
حقل البيانات ثابتة الطول 150711s2013 jo dk f b 000 0 ara d
017 ## - رقم الايداع القانونى
رقم الايداع القانونى 2012/72739
المصدر ( الهيئة المختصة) الاردن . دائرة المكتبات الوطنية
020 ## - الرقم الدولى المعيارى للكتب
الرقم الدولى المعيارى للكتاب 9789957761394
040 ## - مصدر الفهرسة
وكالة الفهرسة الأصلية EG-CaGPL
082 04 - رقم تصنيف ديوى العشرى
رقم الطبعة 21
رقم التصنيف 759.0632\
رقم المادة أ م
100 0# - المدخل الرئيسى - إسم شخصى
الإسم الشخصى احمد عباس على
245 12 - بيان العنوان
العنوان المعالجات الاسلوبية والتقنية فى الرسم التكعيبى واثرها فى فنون الحداثة /
بيان المسئوليه,etc احمد عباس على
250 ## - بيان الطبعة
بيان الطبعة ط1
260 ## - PUBLICATION, DISTRIBUTION, ETC. (IMPRINT)
تاريخ النشر أو التوزيع 2013
300 ## - الوصف المادى
التعداد 227 ص :
تفاصيل ماديه اخرى للوعاء ايض ،
أبعاد الوعاء 24 سم +
المادة المصاحبة ملاحق
504 ## - تبصرة ببليوجرافية
تبصرة ببليوجرافية,الخ ببليوجرافية : ص 217 - 227
650 04 - المدخل الاضافى بالموضوع-مصطلح موضوعى
مصطلح موضوعي التكعيبية ( فن )
650 04 - المدخل الاضافى بالموضوع-مصطلح موضوعى
مصطلح موضوعي الفن الحديث
650 04 - المدخل الاضافى بالموضوع-مصطلح موضوعى
مصطلح موضوعي التصوير الزيتى
942 ## - عناصر المدخل الإضافي( كوها)
مصدر التصنيف او مخطط الترفيف Dewey Decimal Classification
Koha [default] item type كتاب
260 ## - PUBLICATION, DISTRIBUTION, ETC. (IMPRINT)
-- عمان :
-- الاردن . دائرة المكتبات الوطنية ،
Holdings
حالة التراجع حالة الفقد حالة تلف ليس للاعارة المكان المؤقت الموقع الحالى تاريخ الاكتساب اجمالي اﻻعارات رقم الطلب الباركود تاريخ اخر مشاهدة تاريخ تفعيل السعر نوع وعاء كوها
        مكتبة القاهرة الكبرى مكتبة القاهرة الكبرى 07/11/2015   759.0632\ أ م 160787 07/11/2015 07/11/2015 كتاب

Powered By

EGPV